Distributed Computer and Communication Networks : 17th International Conference, DCCN 2013, Moscow, Russia, October 7–10, 2013 : Revised Selected Papers /

Selección de ponencias presentadas en la décima séptima Conferencia Internacional sobre Redes de Comunicación y Computadoras Distribuidas, celebrada en Moscú, Rusia, en octubre de 2013. Los artículos abordan temas relacionados con redes de comunicación y cómputo distribuido, entre los que destacan e...

Descrizione completa

Salvato in:
Dettagli Bibliografici
Ente Autore: International Conference on Distributed Computer and Communication Networks ( Moscú, Rusia)
Altri autori: Vishnevsky, Vladimir (edición) (edición), Kozyrev, Dmitry (edición) (edición), Larionov, Andrey (edición) (edición)
Natura: Atti del Convegno Libro
Lingua:inglese
Pubblicazione: Cham, Suiza : Springer, 2014, c2014
Serie:(Communications in Computer and Information Science ; 279)
Soggetti:
Accesso online:Ver documento en línea
Tags: Aggiungi Tag
Nessun Tag, puoi essere il primo ad aggiungerne!!

MARC

LEADER 00000nam^a2200000^a^4500
001 000554970
005 20251023000000.0
009 20260310131709.19
020 |a 978-3-319-05209-0 
037 |a Acervo ITESO - Biblioteca 
041 |a ING 
082 |a Libro en línea 
111 |a International Conference on Distributed Computer and Communication Networks (  |n 13a :  |d 2013 :  |c Moscú, Rusia) 
245 1 0 |a Distributed Computer and Communication Networks :  |b 17th International Conference, DCCN 2013, Moscow, Russia, October 7–10, 2013 : Revised Selected Papers /  |c Ed. de V. Vishnevsky, D. Kozyrev, A. Larionov. 
264 4 |a Cham, Suiza :  |b Springer,  |c 2014, c2014 
264 2 |a Cham, Suiza :  |b Springer Link [distribución],  |c 2014, c2014 
300 |a 1 libro electrónico en línea (X, 267 p.) 
300 |a 1 recurso en línea 
336 |a datos para computadora  |b cod  |2 rdacontenido 
337 |a computadora  |b c  |2 rdamedio 
338 |a recurso en línea  |b cr  |2 rdasoporte 
440 1 |a (Communications in Computer and Information Science ;  |v 279) 
506 0 |a Licencias ilimitadas 
520 |a Selección de ponencias presentadas en la décima séptima Conferencia Internacional sobre Redes de Comunicación y Computadoras Distribuidas, celebrada en Moscú, Rusia, en octubre de 2013. Los artículos abordan temas relacionados con redes de comunicación y cómputo distribuido, entre los que destacan el control de redes informáticas, evaluación del desempeño de redes inalámbricas, modelado y simulación de protocolos de red, teoría de colas, tecnología de identificación por radiofrecuencia, aplicaciones y servicios de internet y web, así como la integración de aplicaciones en sistemas de información distribuidos. 
649 |a XX 
650 |a Computación en la Nube 
650 |a Internet -  |x Administración 
650 |a Servicios Web (Software) 
650 |a Radiofrecuencia 
650 |a Colas de Espera -  |x Teoría 
650 |a Protocolos de Comunicación 
650 |a Redes de Computadoras -  |x Prueba y Medición 
650 |a Redes de Computadoras -  |x Administración 
650 |a Redes de Computadoras 
650 |a Bases de Datos Distribuidas 
650 |a Bases de Datos 
650 |a Minería de Datos 
650 |a Big Data 
650 |a Computación Grid 
650 |a Cómputo Distribuido -  |x Congresos -  |x Tema Principal 
650 |a Cómputo Distribuido -  |x Tema Principal 
650 |a Proceso de Datos 
650 |a Ingeniería Computacional 
700 |a Vishnevsky, Vladimir  |e (edición) 
700 |a Kozyrev, Dmitry  |e (edición) 
700 |a Larionov, Andrey  |e (edición) 
856 4 0 |u https://link-springer-com.ezproxy.iteso.mx/10.1007/978-3-319-05209-0  |y Ver documento en línea 
910 |a Fondo General 
920 |a Electrónicos - Libros en Línea 
930 |a Plataforma Digital 
905 |a 205 
901 |a 554970-1  |b IT2  |c EBO  |i C  |u 20250521 
902 |a https://opac.biblio.iteso.mx/vufind/Record/000554970